¿Qué es literatura?: La abstracción - literatura -. Naturaleza y funciones de lo literario
Guardado en:
| Autor principal: | |
|---|---|
| Formato: | Libro |
| Lenguaje: | Undetermined |
| Publicado: |
Buenos Aires, Argentina
Nova
1972
|
| Edición: | 6 |
| Materias: | |
| Etiquetas: |
Agregar Etiqueta
Sin Etiquetas, Sea el primero en etiquetar este registro!
|
MARC
| LEADER | 00000nam a2200000Ia 4500 | ||
|---|---|---|---|
| 008 | 170316s9999 xx 000 0 und d | ||
| 090 | |a 801 C-16qu | ||
| 100 | |a Castagnino, Raúl | ||
| 245 | |a ¿Qué es literatura?: La abstracción - literatura -. Naturaleza y funciones de lo literario | ||
| 250 | |a 6 | ||
| 260 | |a Buenos Aires, Argentina | ||
| 260 | |b Nova | ||
| 260 | |c 1972 | ||
| 300 | |a 206 páginas | ||
| 650 | |a TEORÍA LITERARIA | ||
| 650 | |a LITERATURA | ||
| 650 | |a LENGUAJE | ||
| 650 | |a LENGUA LITERARIA | ||
| 650 | |a LENGUA POÉTICA | ||
| 650 | |a FUNCIÓN LÚDICA | ||
| 999 | |c 20162 |d 20162 | ||
| 040 | |a cru BVZT | ||
| 942 | |c 15 D |h 801 C-16qu |2 z | ||
